LDR 00883naa#a2200169#i#450# 001 RU\\bibl\121263 005 20260501213311.5 011 ## _a1994-4683 100 ## _a20230803b2023####ek#y0rusy0150####ca 102 ## _aRU 200 1# _aОРГАНИЗАЦИОННО-ПЕДАГОГИЧЕСКИЕ УСЛОВИЯ ПОДГОТОВКИ ОБУЧАЮЩИХСЯ 5-Х КЛАССОВ К ВЫПОЛНЕНИЮ НОРМАТИВОВ КОМПЛЕКСА ГТО _eЖурнальная статья 210 1# _aМосква _cНациональный государственный Университет физической культуры, спорта и здоровья им. П.Ф. Лесгафта _d2023 215 ## _a6 с. 608 ## _aЖурнальная статья _2local 675 ## _aфизической культуре. 372.879.6 _z 700 #1 _aГаланова _gС С 856 4# _auchzapiski.lesgaft.spb.ru _u